000 01156nam0a22002771 4500
001 rc\3050116
005 20250806202309.0
035 _a(NLR Aleph) 007189663
090 _a46207
_c46207
100 _a20040929d1942 u y0rusy50 ca
101 0 _arus
102 _aRU
105 _ay z ||||y
200 1 _aКочетковцы
210 _aПенза
_cгаз. "Сталинское знамя"
_d1942
215 _a32 с.
_d14 см
225 1 _aБиблиотечка агитатора и пропагандиста
_vвып. 98
_vкн. 5
_aСерия: "Наши земляки в боях за Родину"
327 1 _aСб. мат-лов о подвиге 16-гвардейцев под Сталинградом под руководством командира-комсомольца, гвардии мл. лейтенанта Василия Кочеткова
702 1 _aКочетков
_bВ.
_gВасилий
_4570
801 0 _aRU
_bNLR
_gpsbo
801 1 _aRU
_bELAR
_2rusmarc
852 _aNLR
_jИр50 Г-2/527
942 _cBOOK
945 _aРоссийская национальная библиотека
980 _aNB
980 _aBV